WWE Superstars by (Women's) Royal Rumble Appearances - Statistics

General Stats
  • This quiz has been taken 211 times
    44 since last reset
  • The average score is 52 of 87
Answer Stats
# of Appearances Years they appeared Answer % Correct
9 2018, 2019, 2020, 2021, 2022, 2023, 2024, 2025, 2026 (W) Liv Morgan
94%
9 2018, 2019, 2020, 2021, 2022, 2023, 2024, 2025, 2026 Natalya/Nattie
94%
6 2019, 2020 (W), 2021, 2022, 2025 (W), 2026 Charlotte Flair
91%
5 2019, 2020, 2021, 2025, 2026 Alexa Bliss
88%
7 2018, 2019, 2021, 2023, 2024 (W), 2025, 2026 Bayley
88%
3 2018, 2022, 2026 Brie Bella
88%
5 2019, 2021, 2022, 2023 (W), 2026 Rhea Ripley
88%
5 2018, 2019 (W), 2023, 2024, 2026 Becky Lynch
85%
7 2018, 2019, 2020, 2021, 2022, 2024, 2025 Naomi
85%
4 2018, 2022, 2025, 2026 Nikki Bella
85%
5 2018 (W), 2023, 2024, 2025, 2026 Asuka
82%
7 2018, 2019, 2021, 2023, 2024, 2025, 2026 Nia Jax
82%
2 2018, 2022 Sasha Banks
82%
4 2019, 2020, 2023, 2024 Xia Li
82%
5 2020, 2021 (W), 2022, 2024, 2025 Bianca Belair
79%
4 2019, 2023, 2025, 2026 Io Shirai/IYO SKY
79%
1 2022 (W) Ronda Rousey
79%
5 2018, 2019, 2020, 2024, 2026 Kairi Sane
76%
3 2018, 2020, 2022 Kelly Kelly
76%
3 2018, 2022, 2023 Michelle McCool
76%
3 2023, 2025, 2026 Raquel Rodriguez
76%
2 2024, 2026 Tiffany Stratton
74%
1 2024 Jade Cargill
71%
2 2018, 2022 Lita
71%
2 2018, 2025 Trish Stratus
71%
5 2018, 2019, 2020, 2021, 2022 Carmella
68%
4 2018, 2019, 2021, 2022 Mickie James
68%
5 2020, 2023, 2024, 2025, 2026 Chelsea Green
65%
3 2020, 2021, 2023 Dakota Kai
65%
1 2026 Kiana James
65%
3 2018, 2020, 2022 Molly Holly/Mighty Molly
65%
4 2023, 2024, 2025, 2026 Roxanne Perez
65%
5 2018, 2019, 2020, 2022, 2024 Sarah Logan/Valhalla
65%
1 2026 Sol Ruca
65%
7 2019, 2020, 2022, 2023, 2024, 2025, 2026 Zelina Vega/Queen Zelina/Zelina
65%
3 2024, 2025, 2026 Maxxine Dupri
62%
6 2018, 2019, 2020, 2021, 2022, 2023 Tamina
62%
2 2018, 2020 Beth Phoenix
59%
2 2025, 2026 Lash Legend
59%
1 2022 Cameron
56%
3 2024, 2025, 2026 Jordynne Grace
56%
5 2019, 2020, 2021, 2022, 2023 Nikki Cross/Nikki A.S.H.
56%
1 2022 Summer Rae
56%
2 2019, 2021 Billie Kay
53%
2 2025, 2026 Giulia
53%
1 2026 Jacy Jayne
53%
4 2018, 2019, 2020, 2021 Mandy Rose
53%
1 2022 Melina
53%
2 2019, 2021 Peyton Royce
53%
3 2023, 2024, 2025 Piper Niven
53%
3 2018, 2019, 2021 Ruby Riott
53%
6 2020, 2021, 2022, 2023, 2024, 2025 Shayna Baszler
53%
6 2018, 2019, 2020, 2022, 2023, 2025 Sonya Deville
53%
1 2025 Stephanie Vaquer
53%
1 2024 Alba Fyre
50%
3 2019, 2021, 2022 Alicia Fox
50%
3 2024, 2025, 2026 Ivy Nile
50%
1 2026 Lola Vice
50%
2 2025, 2026 Lyra Valkyria
50%
1 2020 Santina Marella
50%
1 2018 Vickie Guerrero
50%
6 2019, 2020, 2023, 2024, 2025, 2026 Candice LeRae
47%
3 2018, 2020, 2021 Lana
47%
4 2020, 2023, 2024, 2025 Mia Yim/Michin
47%
5 2020, 2021, 2022, 2023, 2024 Shotzi Blackheart/Shotzi
47%
2 2020, 2021 Toni Storm
47%
3 2023, 2024, 2025 Zoey Stark
47%
2 2023, 2025 B-Fab
44%
6 2018, 2019, 2020, 2021, 2022, 2023 Dana Brooke
44%
3 2018, 2019, 2021 Ember Moon
44%
1 2022 Ivory
44%
1 2021 Jillian Hall
44%
1 2026 Kelani Jordan
44%
2 2018, 2021 Torrie Wilson
44%
1 2018 Jacqueline
41%
1 2025 Jaida Parker
41%
2 2019, 2024 Kacy Catanzaro/Katana Chance
41%
1 2024 Kayden Carter
41%
3 2019, 2021, 2023 Lacey Evans
41%
1 2021 Santana Garrett
41%
1 2023 Emma
38%
1 2020 Mercedes Martinez
38%
3 2020, 2023, 2024 Tegan Nox
38%
1 2022 Aliyah
35%
1 2021 Victoria
35%
2 2023, 2024 Indi Hartwell
32%
1 2019 Maria Kanellis
32%
No matching quizzes found
Score Distribution
Percent of People with Each Score
Percentile by Number Answered
Your Score History
You have not taken this quiz since the last reset